[Event "San Francisco TNM Summer op"]
[Site "San Francisco"]
[Date "2016.06.28"]
[Round "6"]
[White "Smith Iii, Robert H"]
[Black "Starr, Albert Martin"]
[Result "1-0"]
[WhiteElo "1770"]
[BlackElo "1517"]
[PlyCount "61"]
[EventDate "2016.05.24"]
[EventType "swiss"]
[EventRounds "8"]
[EventCountry "USA"]
[SourceTitle "EXT 2018"]
[Source "ChessBase"]
[SourceDate "2017.10.13"]
[SourceVersion "1"]
[SourceVersionDate "2017.10.13"]
[SourceQuality "1"]

1. e4 e5 2. Nc3 Nf6 3. g3 Bb4 4. Bg2 0-0 5. Nge2 c6 6. 0-0 d5 7. exd5 Nxd5 8. Nxd5 cxd5 9. c3 Ba5 10. d4 e4 11. f3 f5 12. Qb3 Kh8 13. Nf4 Nc6 14. Qxd5 Qe7 15. fxe4 Rd8 16. Qb5 Bb6 17. Nd5 Qd7 18. Rxf5 Nxd4 19. Qxd7 Nxf5+ 20. Nxb6 Bxd7 21. Nxa8 Rxa8 22. exf5 Bxf5 23. Bxb7 Rf8 24. Bf4 h6 25. h4 Rf6 26. Bd5 a6 27. Re1 Bd7 28. Re7 Bh3 29. Re8+ Kh7 30. Be4+ Bf5 31. Be5 1-0